| 000 | 004680000a22001690004500 | ||
|---|---|---|---|
| 003 | MACL | ||
| 005 | 20160113171148.0 | ||
| 008 | 160113b xxu||||| |||| 00| 0 eng d | ||
| 040 |
_aMACL _cMACL |
||
| 041 | _aEnglish | ||
| 082 | _a951.6/THO | ||
| 100 |
_aThomas, F W _932087 |
||
| 245 | _aTibetan Literary Texts and Documents Concerning Chinese Turkestan | ||
| 260 |
_bThe Royal Asiatic Society _c1935 _aLondon |
||
| 650 |
_aChina _932088 |
||
| 942 |
_cBK _k951.6/THO _2ddc |
||
| 999 |
_c34552 _d34552 |
||